Quizzes
Events
Quiz Creation
Community
Videos
Private Events
Remove Ads
Sign In
Join for FREE
Feedback
Dark Mode
Quiz Categories
Sports
Geography
Music
Movies
Television
Just For Fun
Miscellaneous
History
Literature
Language
Science
Gaming
Entertainment
Religion
Holiday
For Kids
Quiz Lab
Recent
Popular Today
Quiz Kudos Today
Editor Picks
Curator Picks
Quizzes by...
Day
Popularity
Type
Ratings
Length
Year
Community
Subscriptions
Recent Discussions
Orange Saloon
Badges
Playlists
Quests
Create
Leaderboards
Showdown
Live 5
Trivia Bingo
Activity
Puzzle Library
Sporcle Events
Private Events
Virtual Trivia
Globe League
Become a Host
Pub Owners
SporcleCon
Opinionation
Our Games
Videos
Blog
Mobile Apps
Partnerships
Remove Ads and Go Orange
Feedback
Sports
Athletes
MLB
NBA
NHL
NFL
Soccer
Sports Teams
WWE
NCAA
Football
Premier League
Basketball
Baseball
Hockey
Golf
Tennis
Cricket
Rugby
Auto Racing
Olympics
World Cup
Sports
Athletes
MLB
NBA
NHL
NFL
Soccer
Sports Teams
WWE
NCAA
Football
Premier League
Basketball
Baseball
Hockey
Golf
Tennis
Cricket
Rugby
Auto Racing
Olympics
World Cup
Random Quiz
Search Sporcle
×
Quiz Lab
Quiz Lab
Sports
NHL
Type in answers that appear in a list
Type in answers that appear in a list
Classic
Best Score? Go Orange.
2012-13 NHL Top 40 Fantasy Right Wingers Stats
Can you name the 2012-13 NHL Top 40 Fantasy Right Wingers?
By
stiggles37
9m
40 Questions
97 Plays
97 Plays
97 Plays
Comments
Comments
Give Quiz Kudos
Give Quiz Kudos
-
- Ratings
hide this ad
Replay
Link that replays current quiz
Next Quiz
Link to next quiz in quiz playlist
You Got
0%
They Got
Avg Score
70%
Avg Friend Score
Upgrade to see
Score Distribution
Jump to the score distribution portion of the page
Score
0/40
Timer
09:00
0
Plays Today
Team
Player
% Correct
ANA
Corey Perry
97.9%
CHI
Patrick Kane
96.9%
TOR
Phil Kessel
91.8%
NYR
Marian Gaborik
91.8%
TBL
Martin St. Louis
91.8%
CGY
Jarome Iginla
91.8%
CHI
Marian Hossa
90.7%
EDM
Jordan Eberle
89.7%
LAK
Dustin Brown
89.7%
ANA
Teemu Selanne
87.6%
BOS
Tyler Seguin
86.6%
BUF
Jason Pominville
84.5%
DET
Johan Franzen
83.5%
MIN
Dany Heatley
83.5%
VAN
Alexandre Burrows
83.5%
SJS
Joe Pavelski
82.5%
NYR
Ryan Callahan
75.3%
CAR
Jeff Skinner
72.2%
MTL
Erik Cole
70.1%
LAK
Jeff Carter
70.1%
Team
Player
% Correct
BOS
Nathan Horton
69.1%
PHX
Radim Vrbata
68%
OTT
Daniel Alfredsson
68%
DAL
Jaromir Jagr
67%
WPG
Blake Wheeler
66%
STL
TJ Oshie
66%
CAR
Alexander Semin
60.8%
FLA
Kris Versteeg
59.8%
PIT
Pascal Dupuis
59.8%
TBL
Teddy Purcell
57.7%
SJS
Martin Havlat
56.7%
NSH
Martin Erat
55.7%
DAL
Michael Ryder
54.6%
PHI
Danny Briere
53.6%
BUF
Drew Stafford
49.5%
NJD
David Clarkson
45.4%
COL
PA Parenteau
44.3%
PHI
Jakub Voracek
41.2%
CGY
Jiri Hudler
30.9%
COL
Steve Downie
28.9%
Quiz Playlist
Details
Report
Send in Message
Add To Playlist
Classic:
Type in answers that appear in a list
Last Updated: Feb 16, 2017
Quiz Scoreboard
CHALLENGE
Sign Up to Join the Scoreboard
Show All
Scores
Hide
Comments
May contain spoilers
Recently Published
1-10 Letter E Words III
by El_Dandy
Language
2m
One Thing in Common: World Cities II
by knightlancer
Geography
7m
Popular People in 1961
by mucciniale
History
6m
More to Explore
Quiz From the Vault
Featured Blog Post
Where Did the Easter Bunny Come From?
hide this ad
You Might Also Like...
Tags
NHL Quiz
Fantasy
Player
team
Top 40
Today's Top Quizzes in Sports
Browse Sports
hide this ad
Today's Top Quizzes in NHL
Browse NHL
Top Contributed Quizzes in Sports
1
Les meilleurs buteurs des matchs entre le PSG et l’OM
2
Les entraîneurs de l'OM et du PSG au 21e siècle
3
2022 World Cup Stars
4
FIFA Club World Cup Champions
5
Name the Premier League winners with different clubs
6
La finale Lions - Afrique du Sud 2021
7
Criteria MLB: Left Handed Sluggers
8
Players with Multiple 50 Home Run Seasons
9
MLB Players with Two .350 Batting Average Seasons
10
MLB Hall of Famer by Rings
Explore More
Trending Topics
Disney
Anime
Marvel
Harry Potter
Crossword
Kpop
NBA
Song
Soccer
NFL
Puzzle
WWE
The Office
Country
Pokémon
hide this ad
More By:
stiggles37
Quiz
Plays
Rating
Category
Featured
Created
NFL Starting QBs (2010s)
57,447
4.73
Sports
Dec 1, 2013
FIFA 19 Top 50 Players in Premier League
14,480
4.14
Sports
Sep 24, 2018
FIFA 18 Top 50 Players in Premier League
9,095
4.50
Sports
Mar 5, 2018
NHL Statistical All-Star Team (since 2000)
5,559
4.56
Sports
Jun 24, 2013
FIFA 19 Top 100 Overall Players
4,915
4.20
Sports
Sep 24, 2018
Go to Creator's Profile
Score Distribution
Quiz Creator Spotlight
stiggles37
Follow
Send a Message
Quizzes Created
-
Created Quiz Play Count
-
More By This Creator
Popular Quizzes Today
1
Find the US States - No Outlines Minefield
2
Find the Countries of Europe - No Outlines Minefield
3
The Countries of the World
4
Popular People in 1961
5
1-10 Letter E Words III
6
Find the US States
7
One Thing in Common: World Cities II
8
US States
More Sports Quizzes
10 Goals in a Champions' League Season
Published
Trending Quizzes
Risky Map Clicking: Least Populous States A-Z
1-10 Letter F Words
1-10 Letter G Words
One Thing in Common: United Kingdom
Risky Map Clicking: Next State Alphabetically
Recently Updated
Leaping Animals
pecheneg
Reality TV Shows (A-Z)
bhenderson79
Rickey Henderson's Hall of Fame Teammates
pecheneg
Champions League XIs: Arsenal
pecheneg
Quick Pick: Celebrities in WWE's Hall of Fame
aduchscher
A-Z Keypad Blitz II
pecheneg
Multiple Oscar Actors
pecheneg
Mystery Phrase Blitz: Oscar 'Best Actors'
pecheneg
F. Scott Fitzgerald Novels
LTH
Pick 3 Villains
ddd62291
Trending Topics
Disney
Crossword
NBA
Anime
Marvel
Harry Potter
Kpop
The Office
Puzzle
Song
Soccer
NFL
Pokémon
WWE
Country
Your Account Isn't Verified!
In order to create a playlist on Sporcle, you need to verify the email address you used during registration. Go to your
Sporcle Settings
to finish the process.
Report this User
Report this user for behavior that violates our
Community Guidelines
.
Details:
Send Report
Go to the Sporcle.com Mobile Site →
Comments